Urban partnership agreements : congestion relief initiative holds promise; some improvements needed in selection process : report to congressional committees.

Bibliographic Details
Corporate Authors: United States. Government Accountability Office, ProQuest (Firm)
Format: Government Document eBook
Language:English
Published: [Washington, D.C.] : U.S. Govt. Accountability Office, [2009]
Series:U.S. Congressional Research.
Subjects:
Online Access:Connect to the full text of this electronic book

MARC

Tag First Indicator Second Indicator Subfields
LEADER 00000cam a22000001a 4500
001 in00003348939
006 m d f
007 cr bn mmmapmmp
008 110210s2009 dcu ob f000 0 eng d
005 20260430155911.8
035 |a cis2007806517 
040 |a ProQuest  |c ProQuest  |d UtOrBLW 
042 |a pcc 
043 |a n-us--- 
074 |a 0546-D (online) 
086 0 |a GA 1.13:GAO-09-154 
088 |a GAO-09-154 
099 |a CMP-2009-GAO-0066 
110 1 |a United States.  |b Government Accountability Office. 
245 1 0 |a Urban partnership agreements :  |b congestion relief initiative holds promise; some improvements needed in selection process : report to congressional committees. 
246 3 0 |a Congestion relief initiative holds promise; some improvements needed in selection process 
246 1 7 |a Congestion relief initiatives 
264 1 |a [Washington, D.C.] :  |b U.S. Govt. Accountability Office,  |c [2009] 
300 |a 1 online resource. 
336 |a text  |b txt  |2 rdacontent 
337 |a computer  |b c  |2 rdamedia 
338 |a online resource  |b cr  |2 rdacarrier 
500 |a Record is based on bibliographic data in ProQuest U.S. Congressional Research Digital Collection. Reuse except for individual research requires license from ProQuest, LLC. 
504 |a Includes bibliographical references. 
500 |a Electronic resource. 
650 0 |a Congestion pricing  |z United States  |x States. 
650 0 |a Traffic congestion  |z United States  |x States  |x Prevention  |x Finance. 
650 0 |a Community development, Urban  |z United States. 
650 0 |a Federal aid to transportation  |z United States. 
655 7 |a Electronic books.  |2 local 
710 2 |a ProQuest (Firm) 
776 0 8 |i Print version:   |a United States. Government Accountability Office.  |t Urban partnership agreements  |w (OCoLC)378595154 
776 0 8 |i Microfiche version:   |a United States. Government Accountability Office.  |t Urban partnership agreements.  |d [Bethesda, Md.] : ProQuest,[2004]  |o CIS 2009 J942-184  |w (ProQuest)cis200902275 
830 0 |a U.S. Congressional Research. 
856 4 0 |u http://proxy.library.tamu.edu/login?url=https://congressional.proquest.com/congcomp/getdoc?CRDC-ID=CMP-2009-GAO-0066  |z Connect to the full text of this electronic book  |t 0 
998 |a cis200902275 
999 |a MARS 
999 f f |s e828f077-3991-3d7f-ae38-4b34c10f6311  |i 879ff1ba-0197-3924-b261-8927d9e486ed  |t 0 
952 f f |a Texas A&M University  |b College Station  |c Electronic Resources  |s www_evans  |d Available Online  |t 0  |e CMP-2009-GAO-0066  |h Other scheme 
998 f f |a CMP-2009-GAO-0066  |t 0  |l Available Online